Multiple Choice City Quiz - Atlantic City - Statistics

General Stats
  • This quiz has been taken 286 times
  • The average score is 7 of 10
Answer Stats
Question Answer % Correct
What geographic location is Atlantic City in? Jersey Shore
91%
What annual event has Atlantic City hosted for 88 years? Miss America
90%
What board game predominantly features locations from Atlantic City? Monopoly
90%
What sweet treat associated with coastal towns was invented in Atlantic City? Taffy
83%
Atlantic City is the only city in the Eastern U.S. with what legalized? Gambling
81%
What 2012 hurricane destroyed portions of the Atlantic City Boardwalk? Sandy
72%
What is the nickname for Atlantic City? The World's Famous Playground
68%
What New York businessman helped make Atlantic City a popular destination for boxing matches? Donald Trump
64%
What Atlantic City mobster was the HBO series Boardwalk Empire based on? Nucky Johnson
36%
What was Atlantic City the first city in the United States to have? A coastal wind farm
14%
No matching quizzes found
Score Distribution
Percent of People with Each Score
Percentile by Number Answered
Your Score History
You have not taken this quiz